Control Interno y Fraudes con base en los ciclos transaccionales Anl̀isis de informe COSO I y II

Bibliographic Details
Main Author: Estupiǹ̨ Gaitǹ, Rodrigo
Format: eBook
Language:Spanish
Published: Bogot ̀: ECOE, 2006
Subjects:
Online Access:http://www.vlex.com/source/6856

MARC

LEADER 00000nam a22000007a 4500
005 20130125112516.0
007 cr|||| ||||
008 130125e2006 ck |||||s|||| 00||0 spa d
020 |a 9586484157 
035 |a 6856 
040 |a vLex 
090 |c 3602  |d 3602 
100 1 0 |a Estupiǹ̨ Gaitǹ, Rodrigo 
245 1 0 |a Control Interno y Fraudes con base en los ciclos transaccionales  |b Anl̀isis de informe COSO I y II  |h [Recurso electrn̤ico] 
256 |a Servicio en ln̕ea 
260 |a Bogot ̀:  |b ECOE,   |c 2006  
300 |a 1 Recurso electrn̤ico 
650 0 4 |a Auditora̕ contable  |z Colombia 
740 |a vLex Libros (Servicio en ln̕ea) 
856 |a Acceso restringido  |u http://www.vlex.com/source/6856 
942 |c BOOK 
999 0 |a Auditing